Mitología militar chilena: surrealismo desde el superego
Gardado en:
| Autor Principal: | |
|---|---|
| Formato: | Libro |
| Idioma: | Lingua castelá |
| Publicado: |
Minneapolis, USA
Institute for the Study of Ideologies and Literature
1989
|
| Series: | Literature and Human Rights,
6 |
| Subjects: | |
| Tags: |
Engadir etiqueta
Sen Etiquetas, Sexa o primeiro en etiquetar este rexistro!
|
MARC
| LEADER | 00000nam a2200000 a 4500 | ||
|---|---|---|---|
| 001 | UCX2015 | ||
| 003 | CL-VaPUC | ||
| 005 | 20241202153755.0 | ||
| 008 | 901218e19890000US |||||||||||||||||spa|d | ||
| 999 | |c 223126 |d 223124 | ||
| 040 | |c Pontificia Universidad Católica de Valparaíso | ||
| 082 | 0 | 4 | |a 355.00983 VID 1989 |2 21 |
| 100 | 0 | |a Vidal, Hernán |e author |9 317780 | |
| 245 | 1 | 0 | |a Mitología militar chilena: |b surrealismo desde el superego |
| 260 | |a Minneapolis, USA |b Institute for the Study of Ideologies and Literature |c 1989 | ||
| 300 | |a 167 páginas | ||
| 490 | 0 | |a Literature and Human Rights, |v 6 | |
| 583 | |a last modification |c 19901218 00:00:00 |k Rodrigo Vera | ||
| 650 | 0 | |a Ejército de Chile |9 317781 | |
| 650 | 0 | |a Historia militar |z CHILE |9 268297 | |
| 852 | |a BIBCUR | ||
| 942 | |c BK |2 ddc | ||
| 945 | |d 19901218 00:00:00 | ||
| 952 | |0 0 |1 0 |2 ddc |4 0 |6 355_009830000000000_VID_1989 |7 0 |8 A |9 218626 |a BIBHIS |b BIBHIS |d 2019-11-15 |i 287427K |l 1 |o 355.00983 VID 1989 |p 287427K |r 2025-01-20 |s 2020-12-01 |t 1 |w 2019-11-15 |y BK |k HIS | ||